000 00543nam a2200181Ia 4500
003 IN-BaIIA
008 211028s9999 xx 000 0 eng d
020 _a0-85229-760-2
040 _cIIA Library
080 _a31
_bRAM-1
245 0 _aStudents' Britannica India
_bvol. 1, Abd Allah ibn al - Abbas to Cypress
_cedited by I. Ramchandani
260 _aNew Delhi
_bEncyclopaedia Britannica
_c2000
300 _axv, 383p.
500 _a7 volume set
650 _aBritannica-India
_926943
700 _aRamchandani, I., ed.
_926944
942 _cBK
999 _c14915
_d14915